000
00280nam a2200121Ia 4500
008
241002s9999 xx 000 0 und d
082
_a
940.53 WIN
100
_a
Winston,s Churchill
245
4
_a
The Scond World War
260
_a
London:
_c
1951
600
_a
History
942
_c
UC
999
_c
18844
_d
18844